000 00370nam a2200169Ia 4500
003 OSt
005 20240614104139.0
008 170619s9999 xx 000 0 und d
020 _a978-0131087477
040 _cIIMT ENGINEERING COLLEGE
100 _aStoner- F
245 0 _aManagement
260 _bperson
260 _c2011
546 _aENGLISH
942 _2ddc
_c02
999 _c22684
_d22684